00532nam a2200181Ia 4500003000900000008004100009020002200050040001600072080001300088100001700101245009400118260003400212300001000246650003800256650001000294650003100304700001500335IN-BaIIA211028s9999 xx 000 0 eng d a978-1-60598-671-5 cIIA Library a523bNOR aNorth, Chris 0aHow to read the solar systemba guide to the stars and planetscChris North and Paul Abel aNew YorkbPegasus booksc2014 a320p. aSolar system - observers' manuals aStars aStars - observers' manuals aAbel, Paul